Nota : CPD Negotiation Skills (23 June 1998)

Bibliographic Details
Format: Book
Subjects:

MARC

LEADER 00000cam a2200000 7i4500
001 0000005227
005 20000509.0
040 |a INS 
090 0 0 |a CPD 17 
240 0 0 |a CPD Talk 
245 0 0 |a Nota :   |b CPD Negotiation Skills (23 June 1998) 
650 0 0 |a Continuous Professional Development 
650 0 0 |a Negotiation 
999 |a CPD0000023   |b BOOK   |c Course Notes   |e Default branch 
999 |a CPD0000251   |b BOOK   |c Course Notes   |e Default branch